ბათუმის შოთა რუსთაველის სახელმწიფო უნივერსიტეტის ბიბლიოთეკა

კოლა ბრონიონი : [რომანი] (ბიბ.ჩანაწერი № 59110)

000 -ლიდერი
ფიქსირებული სიგრძის საკონტროლო ველი 01441nam a22002297a 4500
003 - საკონტროლო ნომრის იდენტიფიკატორი
საკონტროლო ველი Ge_BSU
005 - ბოლო ოპერაციის თარიღი და დრო
საკონტროლო ველი 20221125164302.0
008 - ფიქსირებული სიგრძის მონაცემთა ელემენტები - ზოგადი ინფორმაცია
ფიქსირებული სიგრძის საკონტროლო ველი 221125s1973ge xxu||||| |||| 00| 0 geo d
041 ## - ენის კოდი
Language code of text/sound track or separate title geo
080 ## - უნივერსალური ათობითი კლასიფიკაციის ინდექსი
Universal Decimal Classification number 821.133.1-31+ 78.071.1(430) +73(450)(092მიქელანჯელო) რ-78
100 ## - მთავარი ჩანაწერი - პიროვნების სახელი
Personal name როლანი, რომენ, 1866-1944.
9 (RLIN) 16120
245 ## - ცნობა სათაურის შესახებ
Title კოლა ბრონიონი : [რომანი]
Remainder of title ბეთჰოვენის ცხოვრება ; მიქელანჯელოს ცხოვრება ; ლექსები /
Statement of responsibility, etc მთარგმნ : გ. გეგელია, ნ. იორდანიშვილი, გ. გეგეჭკორი.
264 ## - წარმოების, გამოცემის, დისტრიბუციის და სხვა ცნობები
გამოცემის, წარმოების, დისტრიბუციის... ადგილი თბილისი :
გამოცემის, წარმოების, დისტრიბუციის... სახელწოდება საბჭოთა საქართველო,
გამოცემის, წარმოების, დისტრიბუციის... თარიღი 1973.
300 ## - ფიზიკური აღწერა
Extent 461 გვ. :
Other physical details 1 ფ. პორტრ. ;
Dimensions 20 სმ.
440 ## - სერიის ცნობა / დამატებულია ჩანაწერი - სათაური
Title მსოფლიო ლიტერატურის ბიბლიოთეკა. 1-ლი სერია ; ტ. 68.
9 (RLIN) 16121
653 ## - INDEX TERM--UNCONTROLLED
Uncontrolled term მიქელანჯელო.
653 ## - INDEX TERM--UNCONTROLLED
Uncontrolled term ბეთჰოვენი, ლუდვიგ ვან.
700 ## - ADDED ENTRY--PERSONAL NAME
Personal name გეგელია, გ
Relator term მთარგმნელი
9 (RLIN) 16122
700 ## - ADDED ENTRY--PERSONAL NAME
Personal name იორდანიშვილი, ნ
Relator term მთარგმნელი
9 (RLIN) 3095
700 ## - ADDED ENTRY--PERSONAL NAME
Personal name გეგეჭკორი, გ
Relator term მთარგმნელი
9 (RLIN) 16123
942 ## - ADDED ENTRY ELEMENTS (KOHA)
Source of classification or shelving scheme
Koha item type წიგნი
ეგზემპლარები
ჩამოწერის სტატუსი დაკარგული ეგზემპლარის სტატუსი კლასიფიკაციის წყარო ან თაროზე გაწყობის სქემა დაზიანების სტატუსი არ გაიცემა მუდმივი მდებარეობა (დაცვის ადგილი) ამჟამინდელი ადგილსამყოფელი თაროზე განთავსების ადგილი შეძენის თარიღი ღირებულება, შესყიდვის ნორმალური ფასი სრული შენახვის შიფრი შტრიხკოდი ბოლო ოპერაციის თარიღი ეგზემპლარის მიმდევრობითი ნომერი (კეტერი?) ფასის ძალაში შესვლის თარიღი ეგზემპლარის სახეობა საჯარო შენიშვნა
          ბათუმის შოთა რუსთაველის სახელმწიფო უნივერსიტეტის მთავარი ბიბლიოთეკა ბათუმის შოთა რუსთაველის სახელმწიფო უნივერსიტეტის მთავარი ბიბლიოთეკა წიგნსაცავი 2022-11-25 10.00 821.133.1-31+ 78.071.1(430) +73(450)(092მიქელანჯელო) რ-78 63182 2022-11-25 63182 2022-11-25 წიგნი 10.00